00330 a2200097 4500001001000000005001700010008004100027245007400068100002300142773006700165ART_1207620260410161903.0260409a 10aIdentification of simultaneous equation models with measurement error1 aGeraci, Vincent J.0 tJournal of econometricsg- Vol. 4, NÂș 3 (ago. 1976)wREV11720